[Event "Barcelona Sant Marti op-B 20th"]
[Site "Barcelona"]
[Date "2018.07.13"]
[Round "1"]
[White "Munt Serrano, Jesus"]
[Black "Corominas Garrido, Jordi"]
[Result "0-1"]
[WhiteElo "1511"]
[BlackElo "1853"]
[PlyCount "80"]
[EventDate "2018.07.13"]
[EventType "swiss"]
[EventRounds "9"]
[EventCountry "ESP"]
[SourceTitle "EXT 2019"]
[Source "ChessBase"]
[SourceDate "2018.10.10"]
[SourceVersion "1"]
[SourceVersionDate "2018.10.10"]
[SourceQuality "1"]

1. e4 e6 2. d4 d5 3. Nc3 Nf6 4. e5 Nfd7 5. f4 c5 6. Nf3 Nc6 7. Be3 a6 8. Qd2 b5 9. dxc5 Bxc5 10. Nd4 Qb6 11. 0-0-0 Bxd4 12. Bxd4 Qa5 13. a3 b4 14. Nb1 Rb8 15. Bf2 0-0 16. Be1 Nc5 17. Bd3 Qb6 18. axb4 Nxb4 19. Qxb4 Qxb4 20. Bxb4 Rxb4 21. Be2 Rxf4 22. Rhe1 Bb7 23. Nd2 Rc8 24. Nf3 a5 25. h4 Ba6 26. Rd4 Nb3+ 27. Kb1 Nxd4 28. Bxa6 Nxf3 29. gxf3 Rb8 30. Re3 Rxh4 31. Ra3 a4 32. c4 dxc4 33. Rxa4 Rh1+ 34. Ka2 Rh2 35. Rxc4 Rhxb2+ 36. Ka3 Rb1 37. Ka2 R1b6 38. Rc8+ Rxc8 39. Bxc8 h5 40. Bd7 h4 0-1

[Event "Barcelona Sant Marti op 7th"]
[Site "Barcelona"]
[Date "2018.03.08"]
[Round "9"]
[White "Cabrera Marmol, Manel"]
[Black "Munt Serrano, Jesus"]
[Result "1-0"]
[WhiteElo "1843"]
[BlackElo "1335"]
[PlyCount "48"]
[EventDate "2018.01.11"]
[EventType "swiss"]
[EventRounds "9"]
[EventCountry "ESP"]
[SourceTitle "EXT 2019"]
[Source "ChessBase"]
[SourceDate "2018.10.10"]
[SourceVersion "1"]
[SourceVersionDate "2018.10.10"]
[SourceQuality "1"]

1. e4 c5 2. d4 cxd4 3. c3 dxc3 4. Nxc3 e6 5. Bc4 a6 6. Nf3 Nc6 7. 0-0 b5 8. Bb3 Bb7 9. Qe2 Be7 10. Rd1 Rc8 11. Bf4 Nf6 12. e5 Nh5 13. Be3 g6 14. Bh6 Bf8 15. Bxf8 Kxf8 16. Qe3 Qc7 17. Rd6 Na5 18. Rad1 Bc6 19. Ne4 Nxb3 20. axb3 Bxe4 21. Qxe4 f5 22. exf6 Nxf6 23. Qd4 Ke7 24. Rxa6 d5 1-0